000 00395 a2200145 4500
001 92030
082 _a371.3 AIS
090 _c43987
_d43986
100 _aFoina Aish and Jo Tomlinson
245 _aLectures: Learn listening and note taking skills with CD
250 _a1
260 _aUK
_bHarper Collins Publisher
_c2013
300 _a191p.
_bPb
_e1 CD Audio files
500 _aGeneral book
942 _aCAE NUST
_k371.3 AIS
999 _c327103
_d327103